Hababam Sınıfı Karakterleri - Armageddon - Statistics

General Stats
  • This quiz has been taken 143 times
  • The average score is 9 of 11
Answers on the Grid
Answers color-coded by a green-red scale on the quiz's grid according to % correct below.
İnek Şaban
Güdük Necmi
Akrep Bekir
Damat Ferit
Kılıç
Mavi Turgut
Domdom Ali
Tulum Hayri
Yahya Reis
Güllü Erhan
Deli Hikmet
Hayta İsmail
Elif Eylül
Kel Mahmut
Aslan Akbey
Badi Ekrem
Laz Ziya
Hafize Ana
Polat Alemdar
İplikçi Nedim
Canan Çavan
Şahin Ağa
Hüseyin Şevki Topuz
Veysel Efendi
 
Answer Stats
Answer % Correct
İnek Şaban
95%
Güdük Necmi
91%
Domdom Ali
90%
Damat Ferit
85%
Kel Mahmut
84%
Hafize Ana
82%
Tulum Hayri
81%
Hayta İsmail
76%
Badi Ekrem
72%
Veysel Efendi
71%
Hüseyin Şevki Topuz
39%
No matching quizzes found
Score Distribution
Percent of People with Each Score
Percentile by Number Answered
Your Score History
You have not taken this quiz